Spell the Marvel Character #287 - Statistics

General Stats
  • This quiz has been taken 10 times
  • The average score is 7 of 10
Answer Stats
Picture Answer % Correct
Captain Marvel
100%
Elektra
100%
Luke Cage
100%
Ironheart
90%
Guardian
80%
Thunderstrike
80%
Rachel Summers
70%
Coal Tiger
40%
Oya
40%
Aralune
30%
No matching quizzes found
Score Distribution
Percent of People with Each Score
Percentile by Number Answered
Your Score History
You have not taken this quiz